All 3rd Reich Capitals - Statistics

General Stats
  • This quiz has been taken 75 times
    64 since last reset
  • The average score is 16 of 17
Answer Stats
Hint Answer % Correct
Germany Berlin
98%
Poland Warsaw
98%
Netherlands Amsterdam
96%
Belgium Brussels
96%
Ukraine Kyiv
96%
Norway Oslo
96%
France Paris
96%
Austria Vienna
96%
Czechoslovakia Prague
95%
Denmark Copenhagen
93%
Luxembourg Luxembourg
93%
Belarus Minsk
93%
Serbia Belgrade
89%
Latvia Riga
89%
Lithuania Vilnius
85%
Slovenia Ljubljana
82%
Estonia Tallinn
78%
No matching quizzes found
Score Distribution
Percent of People with Each Score
Percentile by Number Answered
Your Score History
You have not taken this quiz since the last reset